Haltestellen der S-Bahn Wien - Statistiken

Allgemein
  • Dieses Quiz wurde 367 mal gespielt
  • Das Durchschnittsergebnis liegt bei 73 aus 182
Antwortstatistiken
Linien Haltestelle % Korrekt
S1, S2, S3, S4, S60, S80 Wien Hauptbahnhof
95%
S1, S2, S3, S4, S7 Wien Praterstern
94%
S1, S2, S3, S4, S60, S80 Wien Meidling
93%
S1, S2, S3, S4, S7 Wien Mitte-Landstraße
93%
S1, S2, S3, S4, S7, S45 Wien Handelskai
91%
S40 St. Pölten Hbf
89%
S1, S2, S3, S4, S7 Wien Floridsdorf
89%
S1, S2, S3, S4, S80 Wien Matzleinsdorfer Platz
88%
S1, S2, S3, S4, S7 Wien Rennweg
87%
S45, S50, S80 Wien Hütteldorf
85%
S1, S2, S3, S4, S7 Wien Traisengasse
79%
S1, S2, S3, S4 Wien Quartier Belvedere
78%
S2, S3, S4 Mödling
77%
S80 Wien Simmering
77%
S40, S45 Wien Heiligenstadt
76%
S2, S3, S4 Wien Liesing
75%
S50 Wien Westbahnhof
75%
S7 Flughafen Wien
74%
S45 Wien Ottakring
73%
S1, S2, S7 Wien Leopoldau
72%
S1 Gänserndorf
71%
S80 Wien Stadlau
71%
S7 Schwechat
70%
S45, S50 Wien Penzing
70%
S3, S4 Baden
69%
S45 Wien Hernals
69%
S1, S2, S7 Wien Siemensstraße
69%
S2, S3, S4 Brunn-Maria Enzersdorf
66%
S2, S3, S4 Wien Atzgersdorf
65%
S40 Tulln an der Donau
63%
S80 Wien Aspern Nord
63%
S1 Wien Süßenbrunn
63%
S3, S4 Korneuburg
61%
S40 Wien Spittelau
61%
S1 Deutsch-Wagram
60%
S2, S3, S4 Wien Hetzendorf
60%
S80 Wien Speising
60%
S40 Wien Franz-Josefs-Bf.
59%
S2, S7 Laa an der Thaya
58%
S7 Wien Zentralfriedhof
58%
S1 Strasshof
57%
S7 Wien St. Marx
57%
S7 Wolfsthal
57%
S80 Wien Erzherzog-Karl-Straße
56%
S3, S4 Stockerau
55%
S3, S4 Wien Brünner Straße
55%
S3, S4, S60 Wiener Neustadt Hbf
55%
S2, S7 Mistelbach
54%
S2, S7 Gerasdorf
53%
S80 Wien Praterkai
53%
S3, S4 Bad Vöslau
52%
S2, S3, S4 Perchtoldsdorf
52%
S7 Wien Kaiserebersdorf
52%
S45 Wien Oberdöbling
52%
S7 Fischamend
51%
S7 Mannswörth
51%
S1 Silberwald
51%
S7 Wien Geiselbergstraße
51%
S45 Wien Krottenbachstraße
51%
S7 Hainburg Personenbahnhof
50%
S3 Hollabrunn
50%
S3, S4 Wien Jedlersdorf
50%
S60 Bruck an der Leitha
49%
S7 Petronell-Carnuntum
49%
S45 Wien Gersthof
49%
S60 Wien Grillgasse
48%
S3, S4 Wien Strebersdorf
48%
S50 Wien Wolf in der Au
48%
S2, S7 Wolkersdorf
48%
S3, S4 Leobersdorf
46%
S50 Purkersdorf Zentrum
46%
S40 Tullnerfeld
46%
S80 Wien Haidestraße
46%
S80 Wien Hirschstetten
46%
S40 Klosterneuburg-Weidling
45%
S4 Absdorf-Hippersdorf
44%
S3, S4 Felixdorf
44%
S45 Wien Breitensee
44%
S3, S4 Wiener Neustadt Nord
44%
S40 Wien Nußdorf
44%
S3, S4 Guntramsdorf-Thallern
43%
S1 Helmahof
43%
S60 Ebreichsdorf
41%
S60 Kledering
41%
S60 Wien Blumental
41%
S50 Wien Hadersdorf
39%
S50 Neulengbach
38%
S7 Hainburg Kulturfabrik
37%
S50 Purkersdorf Sanatorium
36%
S60 Gramatneusiedl
35%
S7 Hainburg Ungartor
35%
S3, S4 Kottingbrunn
35%
S50 Tullnerbach-Pressbaum
35%
S40 Tulln Stadt
35%
S3, S4 Bisamberg
34%
S60 Himberg
34%
S3, S4 Langenzersdorf
34%
S7 Maria Ellend/Donau
34%
S3, S4 Sollenau
34%
S50 Wien Weidlingau
34%
S3, S4 Gumpoldskirchen
32%
S40 Klosterneuburg-Kierling
32%
S3, S4 Theresienfeld
32%
S50 Unterpurkersdorf
32%
S7 Bad Deutsch-Altenburg
30%
S3, S4 Pfaffstätten
30%
S50 Pressbaum
30%
S2, S7 Kapellerfeld
29%
S2, S7 Mistelbach Stadt
29%
S60 Wiener Neustadt Civitas Nova
29%
S60 Ebenfurth
28%
S7 Haslau an der Donau
28%
S40 Herzogenburg
28%
S3, S4 Leobendorf-Burg Kreuzenstein
28%
S2, S7 Neubau-Kreuzstetten
28%
S60 Pottendorf-Landegg
28%
S2, S7 Seyring
28%
S40 St. Andrä-Wördern
28%
S60 Achau
27%
S50 Eichgraben-Altlengbach
27%
S60 Götzendorf an der Leitha
27%
S2, S7 Obersdorf
27%
S7 Regelsbrunn
27%
S3, S4 Spillern
26%
S4 Hausleiten
25%
S60 Lanzendorf-Rannersdorf
25%
S60 Münchendorf
25%
S40 Kritzendorf
24%
S50 Rekawinkel
24%
S2, S7 Staatz
24%
S7 Wildungsmauer
24%
S2, S7 Enzersdorf b. Staatz
23%
S2, S7 Schleinbach
23%
S2, S7 Siebenhirten NÖ
23%
S2, S7 Niederkreuzstetten
22%
S40 St. Pölten Traisenpark
22%
S4 Gaisruck
21%
S60 Sarasdorf
21%
S60 Trautmannsdorf an der Leitha
21%
S2, S7 Ulrichskirchen
21%
S2, S7 Ladendorf
20%
S2, S7 Paasdorf
20%
S40 Traismauer
20%
S60 Hennersdorf
19%
S50 Neulengbach Stadt
18%
S40 Unterkritzendorf
18%
S40 Viehofen
18%
S60 Wampersdorf
18%
S60 Wilfleinsdorf
18%
S40 Greifenstein-Altenberg
17%
S2, S7 Kottingneusiedl
17%
S40 Langenlebarn
17%
S2, S7 Hautzendorf
16%
S40 Herzogenburg Stadt
16%
S40 Höflein an der Donau
16%
S50 Maria Anzbach
16%
S60 Obereggendorf
16%
S3 Göllersdorf
15%
S40 Moosbierbaum-Heiligeneich
15%
S3 Sierndorf
15%
S60 Untereggendorf
15%
S60 Weigelsdorf
15%
S40 Michelhausen
14%
S3 Schönborn-Mallebarn
14%
S40 Unterradlberg
14%
S50 Untertullnerbach
14%
S3 Breitenwaida
13%
S50 Dürrwien
13%
S40 Oberradlberg
13%
S40 Zeiselmauer-Königstetten
13%
S2, S7 Frättingsdorf
12%
S2, S7 Hörersdorf
12%
S3 Oberolberndorf
12%
S40 Atzenbrugg
11%
S40 Muckendorf-Wipfing
11%
S50 Unteroberndorf
11%
S40 Getzersdorf
10%
S40 Gemeinlebarn
9%
S50 Hofstatt
9%
S40 Sitzenberg-Reidling
9%
S3 Höbersdorf
8%
S40 Trasdorf
7%
Keine übereinstimmenden Quizze gefunden
Verteilung der Resultate
Anzahl Personen mit jedem Resultat
Perzentil nach korrekt beantworteten Fragen
Ihre Resultats-Entwicklung
Sie haben dieses Quiz noch nicht gespielt